LEADER 00963nam a2200241 i 4500 001 991002314249707536 005 20020503163959.0 008 010315s1877 it ||| | ita 035 $ab10346910-39ule_inst 035 $aEXGIL101840$9ExL 040 $aBiblioteca Interfacoltà$bita 082 0 $a801.950945 100 1 $aDel Lungo, Isidoro$0179490 245 13$aLa critica italiana dinanzi agli stranieri e all'Italia nella questione su Dino Compagni /$cIsidoro Del Lungo 260 $aFirenze :$bSansoni,$c1877 300 $a16 p. ;$c24 cm. 650 4$aCritica letteraria italiana 907 $a.b10346910$b02-04-14$c27-06-02 912 $a991002314249707536 945 $aLE002 Busta 33 9$g1$i2002000796462$lle002$o-$pE0.00$q-$rn$so $t0$u0$v0$w0$x0$y.i10407091$z27-06-02 996 $aCritica italiana dinanzi agli stranieri e all'Italia nella questione su Dino Compagni$9205199 997 $aUNISALENTO 998 $ale002$b01-01-01$cm$da $e-$fita$git $h3$i1